Finanacial Management : An Analytical & Conceptual Approch (Record no. 474750)

MARC details
000 -LEADER
fixed length control field 00675nam a2200217Ia 4500
008 - FIXED-LENGTH DATA ELEMENTS--GENERAL INFORMATION
fixed length control field 100315s9999 xx 000 0 und d
040 ## - CATALOGING SOURCE
Transcribing agency ENGLISH 
082 ## - DEWEY DECIMAL CLASSIFICATION NUMBER
Item number 15 
100 ## - MAIN ENTRY--PERSONAL NAME
Personal name "Kuchhal, S.C. "
245 ## - TITLE STATEMENT
Title Finanacial Management : An Analytical & Conceptual Approch
250 ## - EDITION STATEMENT
Edition statement 2nd 
260 ## - PUBLICATION, DISTRIBUTION, ETC. (IMPRINT)
Place of publication, distribution, etc Allahabad 
Name of publisher, distributor, etc Chaitanya Pub. House  
Date of publication, distribution, etc 1973 
300 ## - PHYSICAL DESCRIPTION
Extent 580p. 
365 ## - TRADE PRICE
Price note Rupees 
Unit of pricing
Price amount 40.00 
366 ## - TRADE AVAILABILITY INFORMATION
Publishers' discount category
505 ## - FORMATTED CONTENTS NOTE
Miscellaneous information Tushar Jadhav 
620 ## -
-- Finanacial Management 
630 ## - SUBJECT ADDED ENTRY--UNIFORM TITLE
Uniform title Finanacial Management : An Analytical & Conceptual Approch
730 ## - ADDED ENTRY--UNIFORM TITLE
Uniform title Finanacial Management : An Analytical & Conceptual Approch
942 ## - ADDED ENTRY ELEMENTS (KOHA)
Koha item type Book
Holdings
Withdrawn status Lost status Damaged status Not for loan Home library Current library Date acquired Cost, normal purchase price Total Checkouts Full call number Barcode Date last seen Price effective from Koha item type
        Dr. V. N. Bedekar Institute of Management Studies Library Dr. V. N. Bedekar Institute of Management Studies Library 02/09/2006 40.00    /KUC  15  VPMBRIMS-15  03/19/2010 03/19/2010 Book